000 00935nam a2200253Ia 4500
003 OSt
005 20220923215400.0
006 a|||||r|||| 00| 0
007 ta
008 220922b |||||||| |||| 00| 0 hin d
024 _a178,239
037 _cTextual
040 _aARTS
_cARTS
_bhin
041 _2hin
_ahin
082 _aO152,1M40,1, L8;M9
100 _aमुल्तजी, मुंशी गुरूसहाय
_9163805
245 0 _aसुदामा चरिता, संपा ब्रजलाल वर्मा
246 _aSudāmā charitā, sanpā0 brajalāl varmā
260 _aकानपुर
_b भावना प्रकाशन
_c1989
300 _a160 पृ.
_ccm.
650 _aहिन्दी साहित्य
_9156264
942 _hO152,1M40,1, L8;M9
_cTEXL
_2CC
999 _c331621
_d331621